| 000 | nam a22 7a 4500 | ||
|---|---|---|---|
| 999 |
_c330539 _d330539 |
||
| 005 | 20170720155234.0 | ||
| 008 | 170719b xxu||||| |||| 00| 0 eng d | ||
| 040 | _cNUST | ||
| 082 | _a347.429 | ||
| 245 |
_aReforming the jirga system: _bSensitisation on fundamental human rights |
||
| 260 |
_aPakistan _bCAMP _c2013 |
||
| 300 | _a64p | ||
| 942 |
_2ddc _cBK |
||